Griechische Pendants zu den römischen Göttern - Statistiken

Allgemein
  • Dieses Quiz wurde 10.712 mal gespielt
  • Das Durchschnittsergebnis liegt bei 10 aus 18
Antwortstatistiken
Römisch Griechisch % Korrekt
Jupiter Zeus
98%
Neptun Poseidon
83%
Venus Aphrodite
79%
Merkur Hermes
77%
Pluto Hades
75%
Juno Hera
73%
Mars Ares
70%
Minerva Athene
61%
Diana Artemis
50%
Bacchus Dionysos
50%
Vulcanus Hephaistos
50%
Amor Eros
40%
Terra Gaia
33%
Faunus Pan
33%
Sol Helios
28%
Saturn Kronos
26%
Vesta Hestia
24%
Juventas Hebe
10%
Keine übereinstimmenden Quizze gefunden
Verteilung der Resultate
Anzahl Personen mit jedem Resultat
Perzentil nach korrekt beantworteten Fragen
Ihre Resultats-Entwicklung
Sie haben dieses Quiz noch nicht gespielt